A site to sort sites (Record no. 76866)
[ view plain ]
| 000 -LEADER | |
|---|---|
| fixed length control field | 01012cab a2200181 4500 |
| 001 - CONTROL NUMBER | |
| control field | ##L133212 |
| 008 - FIXED-LENGTH DATA ELEMENTS--GENERAL INFORMATION | |
| fixed length control field | 060420n2006 000 0 eng u |
| 035 ## - SYSTEM CONTROL NUMBER | |
| System control number | (Sirsi) u133212 |
| 041 0# - LANGUAGE CODE | |
| Language code of text/sound track or separate title | eng |
| 100 1# - MAIN ENTRY--PERSONAL NAME | |
| Personal name | Tinworth, Adam |
| 245 02 - TITLE STATEMENT | |
| Title | A site to sort sites |
| 260 ## - PUBLICATION, DISTRIBUTION, ETC. | |
| Date of publication, distribution, etc. | 2006 |
| 490 #0 - SERIES STATEMENT | |
| Series statement | Estates Gazette |
| Volume/sequential designation | (0615) 15 April 2006, 44-45(2) |
| 520 ## - SUMMARY, ETC. | |
| Summary, etc. | Reviews the performance and capabilities of the Planning Portal, the government central website for all planning matters, now running at www.planningportal.gov.uk. All 387 English and Welsh local authorities are working with the portal and research carried out by KPMG in late 2005 demonstrated that the portal halved the time it took to process planning applications and reduced the cost on average by £122. Looks at its ability to attract large-scale projects and how well it can deal with them. |
| 590 ## - LOCAL NOTE (RLIN) | |
| Local note | IKA250406 |
| 690 ## - LOCAL SUBJECT ADDED ENTRY--TOPICAL TERM (OCLC, RLIN) | |
| Topical term or geographic name as entry element | ENVIRONMENTAL AND LAND CONSULTANCY-PLANNING AND DEVELOPMENT-DEVELOPMENT CONTROL-PLANNING APPLICATIONS |
| 942 ## - ADDED ENTRY ELEMENTS (KOHA) | |
| Suppress in OPAC | 0 |
| Withdrawn status | Lost status | Source of classification or shelving scheme | Damaged status | Not for loan | Home library | Current library | Shelving location | Date acquired | Total Checkouts | Full call number | Barcode | Date last seen | Copy number | Price effective from | Koha item type |
|---|---|---|---|---|---|---|---|---|---|---|---|---|---|---|---|
| Dewey Decimal Classification | London | London | Journal article | 20/04/2006 | L133212 | 133212-1001 | 06/08/2019 | 1 | 06/08/2019 | Journal article |